000 00596nam a2200181Ia 4500
005 20250923144714.0
008 008 250917s9999 xx 000 0 eng d
037 _aTextual
040 _aDSWL
_beng
_cDSWL
041 _aeng
_2eng
084 _aX8(E131):97.212'N59t4, N60
_qDSWL
100 _aGeorge, V.M.
_9827567
245 0 _aIndustrial relations at the Indian Aluminium works, Alupuram, Kerala State
_cby V.M. George
260 _aDelhi
_bDelhi
_c1960
300 _aix,90p.
942 _cTEXL
_hX8(E131):97.212'N59t4, N60
999 _c1442288
_d1442288